000 00488nam a2200193Ia 4500
005 20230327151928.0
008 140110s9999 xx 000 0 und d
020 _a9789381140390
_cRs.200.00
040 _aLoreto College
041 _aEnglish
082 _a891.443
_bGHO
100 _aGhosh,Sailen
245 _aUpannyas samagra (Vol.2)
_cSailen Ghosh
260 _aKolkata
_bParul Prakashani
_c2010
300 _a299p
650 _aBengali fiction
850 _aLCLIB
942 _cBK
999 _c38640
_d89119